=LDR 00000nam 2200000 4500 =001 INLIS000000000002788 =005 20130612091117 =008 ***********************************Ind** =035 ##$$0010-061300000002788 =041 ##$$a Ind =082 ##$$a 746 =090 ##$$a 746, Sug h =100 ##$$a Sugeng HR =245 ##$$a Home industri jenis makanan minuman, Sugeng HR =260 ##$$a 1979 $b Semarang =300 ##$$a iv,40 hlm, 101 cm =650 ##$$a Industri Rumah Tangga =850 ##$$a NBPNMAT